000 00827nam0a22002411 4500
001 rc\2878126
005 20110718143304.1
035 _a(NLR Aleph) 007031126
090 _a6004236
_c6004236
100 _a20110718d1930 |||y0rusy50 ca
101 0 _arus
102 _aRU
105 _ay a |||||
200 1 _aКраткая библиография по туризму и экскурсиям
210 _a[Москва]
_a[Ленинград]
_cБ. и.
_d[1930]
215 _aС. 127-143
300 _aВ сборнике: Практическое руководство по туризму. М.-Л. 1930 с. 127-143
700 1 _aГиндце
_bБ. К.
_f1891-1953
_gБорис Константинович
801 0 _aRU
_bNLR
_gpsbo
801 1 _aRU
_bELAR
_2rusmarc
852 _aNLR
_j30-2/306
942 _cBOOK
980 _aNB